000
00271nam a2200109Ia 4500
008
191201s2013 xx 000 0 und d
100
_a
RAJ, Deepak
245
0
_a
Applied Mathematics 2nd Sem.
260
_c
2013
_b
NORTH PUB.
_a
NEW DELHI
300
_a
232
942
_2
ddc
_c
BK
_0
19
999
_c
8083
_d
8083